[Event "Carlos Torre Memorial op 15th"]
[Site "Merida"]
[Date "2002.12.15"]
[Round "3"]
[White "Valverde, Reynaldo"]
[Black "Huertas Soris, Ramon Antonio"]
[Result "1/2-1/2"]
[WhiteElo "2216"]
[BlackElo "2288"]
[PlyCount "71"]
[EventDate "2002.12.13"]
[EventType "swiss"]
[EventRounds "9"]
[EventCountry "MEX"]
[SourceTitle "CBM 091 Extra"]
[Source "ChessBase"]
[SourceDate "2003.01.09"]
[SourceVersion "1"]
[SourceVersionDate "2003.01.09"]
[SourceQuality "1"]

1. e4 e6 2. d4 d5 3. Nc3 Bb4 4. e5 f6 5. Qg4 Qe7 6. Nf3 Nc6 7. Bd3 Bd7 8. 0-0 0-0-0 9. Ne2 Qf7 10. c4 dxc4 11. Bxc4 Nge7 12. a3 Ba5 13. b4 Bb6 14. Bb2 Nd5 15. Rac1 Nce7 16. Qe4 Qg6 17. Qc2 Qxc2 18. Rxc2 Ba4 19. Rd2 Kd7 20. Re1 Kc8 21. Nc3 Bd7 22. Ne4 f5 23. Nc5 Bxc5 24. dxc5 a6 25. Nd4 Rhe8 26. Rd3 Kb8 27. Bc1 h6 28. h4 Rf8 29. g3 Rde8 30. f4 c6 31. Bd2 Rg8 32. Kf2 Ref8 33. Rh1 Nc7 34. Rb3 Rc8 35. Be2 Ka8 36. Bf3 1/2-1/2